| 000 | 00354nam a2200133Ia 4500 | ||
|---|---|---|---|
| 008 | 240624s9999 xx 000 0 und d | ||
| 041 | _aeng | ||
| 082 | _a658.45 DEN | ||
| 100 | _aDENNING STEPHEN | ||
| 245 | _aLEADER S GUIDE TO STORYTELLING MASTERING | ||
| 260 |
_c2006 _aNew Delhi _bWiley India |
||
| 300 | _axxiv, : 360 : p. : cm. ; 23 | ||
| 365 |
_cRS _b30 |
||
| 999 |
_c4682 _d4682 |
||